00497 2200193 4500001002100000005001500021035002000036008004100056245005800097100002300155250000600178260004800184300001100232084001400243082000800257650001400265990001200279990001200291INLIS00000000000014020240502105839 a0010-0424000116240502 0 ind 1 aEnsiklopedia Matematika ( A-J) 1 /cYani Puji Lestari aPuji Lestari, Yani a1 aBandung :bPT. Indah Jaya Adipratama,c2009 a64 hlm a510 YAN e a510 4aNon Fiksi a0732517 a0732518